[Event "RUS-ch Men Blitz 2019"]
[Site "Sochi"]
[Date "2019.10.17"]
[Round "14.15"]
[White "Gurvich, Vitaly"]
[Black "Khegay, Dmitriy"]
[Result "1/2-1/2"]
[WhiteElo "2278"]
[BlackElo "2509"]
[Annotator "ChessBase"]
[PlyCount "121"]
[EventDate "2019.10.17"]
[EventType "swiss"]
[EventCountry "RUS"]
[SourceTitle "playchess.com"]
[Source "ChessBase"]
[SourceQuality "1"]
[TimeControl "180+2"]

1. e4 {[%emt 0:00:00]} d6 {[%emt 0:00:03]} 2. d4 {[%emt 0:00:01]} Nf6 {[%emt 0:00:01]} 3. Nc3 {[%emt 0:00:01]} c6 {[%emt 0:00:01]} 4. a4 {[%emt 0:00:04]} Nbd7 {[%emt 0:00:02]} 5. g3 {[%emt 0:00:01]} e5 {[%emt 0:00:11]} 6. Nge2 {[%emt 0:00:03]} Be7 {[%emt 0:00:08]} 7. Bg2 {[%emt 0:00:01]} O-O {[%emt 0:00:01]} 8. O-O {[%emt 0:00:01]} b6 {[%emt 0:00:01]} 9. f4 {[%emt 0:00:06]} a6 {[%emt 0:00:10]} 10. h3 {[%emt 0:00:08]} Bb7 {[%emt 0:00:11]} 11. g4 {[%emt 0:00:49]} b5 {[%emt 0:00:01]} 12. axb5 {[%emt 0:00:04]} cxb5 {[%emt 0:00:14]} 13. fxe5 {[%emt 0:00:10]} dxe5 {[%emt 0:00:02]} 14. d5 {[%emt 0:00:00]} Bc5+ {[%emt 0:00:10]} 15. Kh1 {[%emt 0:00:02]} Nxg4 {[%emt 0:00:05]} 16. Qe1 {[%emt 0:00:08]} Ne3 {[%emt 0:00:11]} 17. Bxe3 {[%emt 0:00:02]} Bxe3 {[%emt 0:00:01]} 18. Ng3 {[%emt 0:00:16]} Bf4 {[%emt 0:00:03]} 19. Nce2 {[%emt 0:00:04]} Bg5 {[%emt 0:00:39]} 20. Nf5 {[%emt 0:00:06]} g6 {[%emt 0:00:23]} 21. Nd6 {[%emt 0:00:09]} Nc5 {[%emt 0:00:01]} 22. Nxb7 {[%emt 0:00:06]} Nxb7 {[%emt 0:00:01]} 23. Qg3 {[%emt 0:00:17]} Bf6 {[%emt 0:00:01]} 24. c3 {[%emt 0:00:17]} Bg7 25. b3 {[%emt 0:00:02]} Nd6 {[%emt 0:00:02]} 26. Rac1 {[%emt 0:00:08]} Rc8 {[%emt 0:00:01]} 27. Qd3 {[%emt 0:00:07]} Rc5 {[%emt 0:00:23]} 28. Ra1 {[%emt 0:00:16]} a5 {[%emt 0:00:12]} 29. Rxa5 {[%emt 0:00:13]} Qxa5 {[%emt 0:00:02]} 30. b4 {[%emt 0:00:00]} Qc7 {[%emt 0:00:08]} 31. bxc5 {[%emt 0:00:04]} Qxc5 {[%emt 0:00:08]} 32. Ra1 {[%emt 0:00:06]} h5 {[%emt 0:00:03]} 33. Ra6 {[%emt 0:00:07]} Rc8 {[%emt 0:00:03]} 34. Ra1 {[%emt 0:00:05]} Nc4 35. Rf1 {[%emt 0:00:01]} Ne3 {[%emt 0:00:07]} 36. Rf3 {[%emt 0:00:02]} Nxg2 {[%emt 0:00:02]} 37. Kxg2 Qc4 {[%emt 0:00:02]} 38. Qxc4 {[%emt 0:00:06]} Rxc4 {[%emt 0:00:09]} 39. Rd3 {[%emt 0:00:00]} Kf8 {[%emt 0:00:05]} 40. d6 {[%emt 0:00:03]} Ke8 {[%emt 0:00:01]} 41. Kf3 {[%emt 0:00:01]} Bh6 {[%emt 0:00:03]} 42. Rd5 {[%emt 0:00:01]} Kd7 {[%emt 0:00:05]} 43. Rxe5 {[%emt 0:00:01]} Kxd6 {[%emt 0:00:02]} 44. Rxb5 {[%emt 0:00:01]} Bg7 {[%emt 0:00:01]} 45. Rb7 {[%emt 0:00:02]} Ke6 {[%emt 0:00:02]} 46. Nf4+ {[%emt 0:00:01]} Kf6 {[%emt 0:00:01]} 47. Nd5+ {[%emt 0:00:01]} Kg5 {[%emt 0:00:01]} 48. Rxf7 {[%emt 0:00:02]} Bxc3 {[%emt 0:00:01]} 49. Rc7 {[%emt 0:00:04]} Rxc7 {[%emt 0:00:02]} 50. Nxc7 {[%emt 0:00:01]} Be5 {[%emt 0:00:01]} 51. Nd5 {[%emt 0:00:02]} Kh4 {[%emt 0:00:01]} 52. Kg2 {[%emt 0:00:00]} Bd6 {[%emt 0:00:02]} 53. Ne3 {[%emt 0:00:03]} Kg5 {[%emt 0:00:01]} 54. Kf3 {[%emt 0:00:00]} Bc5 {[%emt 0:00:02]} 55. Nd5 {[%emt 0:00:04]} Bd6 {[%emt 0:00:01]} 56. Ne3 {[%emt 0:00:00]} Kh4 {[%emt 0:00:03]} 57. Kg2 {[%emt 0:00:01]} Be5 {[%emt 0:00:02]} 58. Nc4 {[%emt 0:00:01]} Bc7 {[%emt 0:00:04]} 59. Ne3 {[%emt 0:00:01]} Kg5 {[%emt 0:00:05]} 60. Kf3 {[%emt 0:00:01]} Kh4 {[%emt 0:00:02]} 61. Kg2 {[%emt 0:00:02]} 1/2-1/2

[Event "RUS-ch Men Blitz 2019"]
[Site "Sochi"]
[Date "2019.10.17"]
[Round "14.16"]
[White "Tekeyev, Zaur"]
[Black "Goltsev, Dmitry"]
[Result "0-1"]
[WhiteElo "2384"]
[BlackElo "2309"]
[Annotator "NA"]
[PlyCount "96"]
[EventDate "2019.10.17"]
[EventType "swiss"]
[EventCountry "RUS"]
[SourceTitle "playchess.com"]
[Source "ChessBase"]
[SourceQuality "1"]
[TimeControl "180+2"]

1. e4 {[%emt 0:00:00]} c5 {[%emt 0:00:00]} 2. Nf3 e6 3. d4 {[%emt 0:00:01]} cxd4 {[%emt 0:00:00]} 4. Nxd4 a6 5. c4 {[%emt 0:00:03]} Qc7 {[%emt 0:00:01]} 6. Nc3 {[%emt 0:00:01]} Nf6 {[%emt 0:00:02]} 7. Be2 {[%emt 0:00:01]} Nc6 {[%emt 0:00:01]} 8. O-O {[%emt 0:00:27]} Bb4 {[%emt 0:00:05]} 9. Bg5 {[%emt 0:00:19]} Bxc3 {[%emt 0:00:21]} 10. Bxf6 {[%emt 0:00:02]} gxf6 {[%emt 0:00:05]} 11. bxc3 {[%emt 0:00:03]} Ne5 {[%emt 0:00:07]} 12. Qd2 {[%emt 0:00:04]} Ke7 {[%emt 0:00:35]} 13. f4 {[%emt 0:00:54]} Nxc4 {[%emt 0:00:04]} 14. Bxc4 {[%emt 0:00:01]} Qxc4 {[%emt 0:00:01]} 15. e5 {[%emt 0:00:01]} f5 {[%emt 0:00:28]} 16. Rad1 {[%emt 0:00:05]} b5 {[%emt 0:00:17]} 17. Nf3 {[%emt 0:00:02]} Qc5+ {[%emt 0:00:05]} 18. Kh1 {[%emt 0:00:01]} Qc7 {[%emt 0:00:24]} 19. Qf2 {[%emt 0:00:06]} Bb7 {[%emt 0:00:03]} 20. Qh4+ {[%emt 0:00:01]} Ke8 {[%emt 0:00:07]} 21. Qf6 {[%emt 0:00:02]} Rf8 {[%emt 0:00:03]} 22. Ng5 {[%emt 0:00:04]} Qxc3 {[%emt 0:00:09]} 23. Rf2 {[%emt 0:00:40]} Rc8 {[%emt 0:00:14]} 24. Qh6 {[%emt 0:00:07]} Qd4 {[%emt 0:00:11]} 25. Rff1 {[%emt 0:00:12]} Qb2 {[%emt 0:00:06]} 26. Rg1 {[%emt 0:00:19]} Rc2 {[%emt 0:00:03]} 27. Qh3 {[%emt 0:00:01]} h5 {[%emt 0:00:09]} 28. Nh7 {[%emt 0:00:04]} Rh8 {[%emt 0:00:04]} 29. Nf6+ {[%emt 0:00:01]} Kd8 {[%emt 0:00:03]} 30. Rxd7+ {[%emt 0:00:02]} Kc8 {[%emt 0:00:00]} 31. Rxb7 {[%emt 0:00:10]} Kxb7 {[%emt 0:00:01]} 32. Qf3+ {[%emt 0:00:02]} Kc7 {[%emt 0:00:06]} 33. Qe3 {[%emt 0:00:02]} Kb7 {[%emt 0:00:02]} 34. Rd1 {[%emt 0:00:02]} Rhc8 {[%emt 0:00:02]} 35. Qf3+ {[%emt 0:00:02]} R2c6 {[%emt 0:00:01]} 36. h3 {[%emt 0:00:06]} Qc3 {[%emt 0:00:02]} 37. Qxh5 {[%emt 0:00:00]} Qc2 {[%emt 0:00:04]} 38. Rf1 {[%emt 0:00:03]} Qd2 {[%emt 0:00:02]} 39. Qxf7+ {[%emt 0:00:02]} R8c7 {[%emt 0:00:01]} 40. Qh5 {[%emt 0:00:01]} Rc2 {[%emt 0:00:02]} 41. Qf3+ {[%emt 0:00:01]} Ka7 {[%emt 0:00:01]} 42. Rg1 {[%emt 0:00:02]} Rg7 {[%emt 0:00:02]} 43. Nh5 {[%emt 0:00:02]} Rh7 {[%emt 0:00:03]} 44. Nf6 {[%emt 0:00:01]} Rg7 {[%emt 0:00:02]} 45. Kh2 {[%emt 0:00:01]} Rc3 {[%emt 0:00:02]} 46. Qf1 {[%emt 0:00:06]} Rg6 {[%emt 0:00:03]} 47. Kh1 {[%emt 0:00:03]} Rh6 {[%emt 0:00:02]} 48. Kh2 {[%emt 0:00:03]} Rcxh3# {[%emt 0:00:01]} 0-1

[Event "RUS-ch Men Blitz 2019"]
[Site "Sochi"]
[Date "2019.10.17"]
[Round "14.17"]
[White "Apryshko, Gleb"]
[Black "Belozerov, Andrei"]
[Result "0-1"]
[WhiteElo "2382"]
[BlackElo "2515"]
[Annotator "ChessBase"]
[PlyCount "64"]
[EventDate "2019.10.17"]
[EventType "swiss"]
[EventCountry "RUS"]
[SourceTitle "playchess.com"]
[Source "ChessBase"]
[SourceQuality "1"]
[TimeControl "180+2"]

1. h4 {[%emt 0:00:00]} e5 {[%emt 0:00:02]} 2. h5 {[%emt 0:00:00]} d5 {[%emt 0:00:03]} 3. e3 {[%emt 0:00:04]} Nc6 {[%emt 0:00:05]} 4. b3 {[%emt 0:00:01]} h6 {[%emt 0:00:12]} 5. Bb2 {[%emt 0:00:01]} Nf6 {[%emt 0:00:03]} 6. Be2 {[%emt 0:00:01]} Bf5 {[%emt 0:00:14]} 7. d3 {[%emt 0:00:02]} Bd6 {[%emt 0:00:12]} 8. Nd2 {[%emt 0:00:01]} O-O {[%emt 0:00:14]} 9. Ngf3 {[%emt 0:00:15]} Re8 {[%emt 0:00:03]} 10. Nh4 {[%emt 0:00:02]} Bh7 {[%emt 0:00:04]} 11. a3 {[%emt 0:00:01]} a5 {[%emt 0:00:06]} 12. Nf1 {[%emt 0:00:17]} Qd7 {[%emt 0:00:38]} 13. Nh2 {[%emt 0:00:11]} Re6 {[%emt 0:00:14]} 14. Qd2 {[%emt 0:00:27]} Rae8 {[%emt 0:00:07]} 15. c3 {[%emt 0:00:29]} d4 {[%emt 0:00:11]} 16. e4 {[%emt 0:00:19]} dxc3 17. Bxc3 Bc5 {[%emt 0:00:23]} 18. b4 {[%emt 0:00:57]} axb4 19. axb4 Bd4 {[%emt 0:00:05]} 20. b5 {[%emt 0:00:05]} Bxc3 {[%emt 0:00:02]} 21. Qxc3 {[%emt 0:00:04]} Nd4 {[%emt 0:00:01]} 22. Rb1 {[%emt 0:00:10]} Rd6 {[%emt 0:00:04]} 23. N2f3 {[%emt 0:00:11]} Nxb5 {[%emt 0:00:08]} 24. Qc5 {[%emt 0:00:03]} Nd4 {[%emt 0:00:10]} 25. Nxe5 {[%emt 0:00:01]} Qe7 {[%emt 0:00:03]} 26. Nc4 {[%emt 0:00:02]} Nxe4 {[%emt 0:00:13]} 27. dxe4 {[%emt 0:00:04]} Qxe4 {[%emt 0:00:01]} 28. Rb2 {[%emt 0:00:05]} Nxe2 {[%emt 0:00:05]} 29. Nxd6 {[%emt 0:00:01]} cxd6 {[%emt 0:00:01]} 30. Qe3 {[%emt 0:00:02]} Ng3 {[%emt 0:00:07]} 31. Rh3 {[%emt 0:00:02]} Qc6 {[%emt 0:00:02]} 32. Qxe8+ {[%emt 0:00:06]} Qxe8+ {[%emt 0:00:02]} 0-1

[Event "RUS-ch Men Blitz 2019"]
[Site "Sochi"]
[Date "2019.10.17"]
[Round "14.18"]
[White "Dashko, Andrey"]
[Black "Papin, Vasily"]
[Result "1/2-1/2"]
[WhiteElo "2219"]
[BlackElo "2481"]
[Annotator "ChessBase"]
[PlyCount "145"]
[EventDate "2019.10.17"]
[EventType "swiss"]
[EventCountry "RUS"]
[SourceTitle "playchess.com"]
[Source "ChessBase"]
[SourceQuality "1"]

1. e4 c5 2. Nf3 e6 3. d4 cxd4 4. Nxd4 a6 5. Nc3 Qc7 6. Bd3 Nf6 7. Qe2 d6 8. g4 h6 9. h4 b5 10. Rg1 g6 11. g5 hxg5 12. Bxg5 Bg7 13. O-O-O b4 14. Nb1 Nbd7 15. Nd2 Bb7 16. Kb1 Nc5 17. N4b3 Na4 18. Nc4 d5 19. e5 dxc4 20. exf6 cxd3 21. fxg7 dxc2+ 22. Qxc2 Qxc2+ 23. Kxc2 Rg8 24. Bf6 Nb6 25. Nc5 Bd5 26. Kb1 Rc8 27. Bd4 Ke7 28. Nxa6 Nd7 29. Nxb4 Be4+ 30. Ka1 e5 31. Bc3 Rxg7 32. Rge1 f5 33. f4 Rh7 34. fxe5 Rxh4 35. Rg1 Nf8 36. Nd3 Ra8 37. Nc5 Bc6 38. Rd6 Bf3 39. Rb6 Rc4 40. Nb3 Be4 41. Nd4 f4 42. Rf1 g5 43. Re1 Bd3 44. Nc6+ Kd7 45. e6+ Nxe6 46. Ne5+ Kc7 47. Rxe6 Rca4 48. a3 Bc2 49. Re7+ Kd6 50. Rd7+ Kc5 51. Bb4+ Kb5 52. Rb7+ Ka6 53. Re7 Rxb4 54. Rc1 Rb7 55. Rxb7 Kxb7 56. Rxc2 Re8 57. Nf3 g4 58. Ng5 Rg8 59. Ne4 Re8 60. Nf6 Re1+ 61. Ka2 g3 62. Nh5 Rf1 63. Nxf4 Rxf4 64. Rg2 Rg4 65. Kb3 Kb6 66. Kc3 Kb5 67. Kd3 Ka4 68. Ke3 Kb3 69. Kf3 Rg8 70. Rxg3 Rf8+ 71. Ke4+ Kxb2 72. Kd4 Ra8 73. Ke4 1/2-1/2

[Event "RUS-ch Men Blitz 2019"]
[Site "Sochi"]
[Date "2019.10.17"]
[Round "14.19"]
[White "Potapov, Pavel"]
[Black "Kardashevskiy, Evgeny"]
[Result "0-1"]
[WhiteElo "2489"]
[BlackElo "2428"]
[Annotator "ChessBase"]
[PlyCount "106"]
[EventDate "2019.10.17"]
[EventType "swiss"]
[EventCountry "RUS"]
[SourceTitle "playchess.com"]
[Source "ChessBase"]
[SourceQuality "1"]

1. e4 e5 2. Nf3 Nf6 3. d4 Nxe4 4. Bd3 d5 5. dxe5 Be7 6. O-O Nc5 7. Nc3 Nxd3 8. cxd3 O-O 9. d4 c6 10. h3 f6 11. Bf4 fxe5 12. Bxe5 Bf5 13. Re1 Nd7 14. Bg3 Bf6 15. Ne5 Nxe5 16. Bxe5 Bh4 17. Bg3 Bxg3 18. fxg3 Qg5 19. g4 Bg6 20. Qc1 Qh4 21. Qd2 Rf6 22. Rf1 Raf8 23. Rxf6 Qxf6 24. Re1 h6 25. a3 Kh7 26. Nd1 Qf4 27. Qf2 Qxf2+ 28. Nxf2 Rf4 29. Rd1 Kg8 30. Rd2 Kf7 31. Kh2 Bh7 32. Kg3 g5 33. Nd3 Bxd3 34. Rxd3 Ke6 35. b4 Kd6 36. Rd1 b6 37. h4 a5 38. h5 axb4 39. axb4 c5 40. bxc5+ bxc5 41. dxc5+ Kxc5 42. Ra1 Rf6 43. Rc1+ Kb4 44. Rd1 Kc4 45. Rc1+ Kd3 46. Rd1+ Kc4 47. Rc1+ Kb3 48. Rd1 Rd6 49. Kf3 Kc2 50. Rd4 Kc3 51. Rd1 d4 52. Ke4 d3 53. Rc1+ Kb2 0-1

[Event "RUS-ch Men Blitz 2019"]
[Site "Sochi"]
[Date "2019.10.17"]
[Round "14.20"]
[White "Oganian, Miran"]
[Black "Nesterov, Arseniy"]
[Result "1/2-1/2"]
[WhiteElo "2436"]
[BlackElo "2484"]
[Annotator "ChessBase"]
[PlyCount "110"]
[EventDate "2019.10.17"]
[EventType "swiss"]
[EventCountry "RUS"]
[SourceTitle "playchess.com"]
[Source "ChessBase"]
[SourceQuality "1"]

1. d4 d5 2. c4 c6 3. Nf3 Nf6 4. Qc2 dxc4 5. Qxc4 Bg4 6. Nbd2 Nbd7 7. g3 g6 8. Ng5 Nd5 9. h3 N7b6 10. Qb3 Bd7 11. e4 h6 12. Nxf7 Kxf7 13. exd5 cxd5 14. Bg2 e6 15. O-O Bg7 16. Nf3 Rf8 17. Bf4 Kg8 18. Be5 Bc6 19. Bxg7 Kxg7 20. Ne5 Nd7 21. Nd3 Qf6 22. Nf4 Rae8 23. Rfe1 Qxd4 24. Nxe6+ Rxe6 25. Rxe6 Rxf2 26. Qc3 Qxc3 27. bxc3 Rc2 28. Re3 Rxg2+ 29. Kxg2 d4+ 30. Kf2 dxe3+ 31. Kxe3 Kf7 32. Kd4 Ke6 33. Re1+ Kd6 34. c4 b6 35. Rf1 Ke6 36. Re1+ Kd6 37. h4 Nc5 38. Rf1 Ne6+ 39. Kc3 g5 40. Rf6 gxh4 41. g4 h3 42. Rxh6 Bg2 43. g5 Ke5 44. g6 Kf6 45. g7+ Kxg7 46. Rxe6 h2 47. Re1 h1=Q 48. Rxh1 Bxh1 49. c5 b5 50. Kb4 Bc6 51. Ka5 Kf6 52. Ka6 Ke6 53. Kxa7 Kd5 54. Kb6 b4 55. Ka5 Kxc5 1/2-1/2

[Event "RUS-ch Men Blitz 2019"]
[Site "Sochi"]
[Date "2019.10.17"]
[Round "14.21"]
[White "Eraschenkov, Denis"]
[Black "Gogolev, Artem"]
[Result "0-1"]
[WhiteElo "2382"]
[BlackElo "2339"]
[Annotator "TA"]
[PlyCount "58"]
[EventDate "2019.10.17"]
[EventType "swiss"]
[EventCountry "RUS"]
[SourceTitle "playchess.com"]
[Source "ChessBase"]
[SourceQuality "1"]

1. e4 c5 2. Nf3 Nf6 3. Bd3 Nc6 4. c3 d5 5. e5 Ng4 6. Bb5 Qc7 7. d4 g6 8. h3 Nh6 9. dxc5 Bg7 10. Bf4 Be6 11. Qd2 Ng8 12. O-O h6 13. Nd4 a6 14. Nxe6 fxe6 15. Bd3 g5 16. Bg3 Bxe5 17. Bxe5 Nxe5 18. b4 Nf6 19. Na3 g4 20. h4 Rg8 21. Kh1 Nf3 22. gxf3 gxf3 23. Rg1 Ng4 24. Rg3 Nxf2+ 25. Qxf2 Rxg3 26. Qh2 O-O-O 27. h5 Rf8 28. Rf1 f2 29. Be2 Qf4 0-1

[Event "RUS-ch Men Blitz 2019"]
[Site "Sochi"]
[Date "2019.10.17"]
[Round "14.22"]
[White "Linker, Mikhail"]
[Black "Glek, Igor"]
[Result "0-1"]
[WhiteElo "2269"]
[BlackElo "2467"]
[Annotator "ChessBase"]
[PlyCount "90"]
[EventDate "2019.10.17"]
[EventType "swiss"]
[EventCountry "RUS"]
[SourceTitle "playchess.com"]
[Source "ChessBase"]
[SourceQuality "1"]

1. Nf3 Nf6 2. g3 g6 3. Bg2 Bg7 4. O-O d5 5. c4 c6 6. cxd5 cxd5 7. d4 Nc6 8. Nc3 Ne4 9. Bf4 Nxc3 10. bxc3 O-O 11. Nd2 b6 12. e4 dxe4 13. Nxe4 Bb7 14. Re1 Na5 15. h4 Rc8 16. Rc1 Bd5 17. Nd6 exd6 18. Bxd5 b5 19. h5 g5 20. Be3 h6 21. Qg4 Rc7 22. Be4 Qf6 23. Bd3 a6 24. Qe4 Rfc8 25. Qh7+ Kf8 26. Bf5 Rb8 27. d5 Rc4 28. Bd4 Rxd4 29. cxd4 Nc4 30. Re2 Qxd4 31. Rce1 Ne5 32. Be4 b4 33. Kg2 a5 34. Re3 a4 35. Bb1 b3 36. Re4 Qxd5 37. Kh2 Nf3+ 38. Kh3 Nxe1 39. Rxe1 bxa2 40. Be4 Qxe4 41. Rxe4 a1=Q 42. Kg2 Qf6 43. Rxa4 d5 44. Qd3 Qc6 45. Qf3 Qxa4 0-1

[Event "RUS-ch Men Blitz 2019"]
[Site "Sochi"]
[Date "2019.10.17"]
[Round "14.23"]
[White "Yatzenko, Anton"]
[Black "Utnasunov, Alexander"]
[Result "1-0"]
[WhiteElo "2383"]
[BlackElo "2442"]
[Annotator "NA"]
[PlyCount "75"]
[EventDate "2019.10.17"]
[EventType "swiss"]
[EventCountry "RUS"]
[SourceTitle "playchess.com"]
[Source "ChessBase"]
[SourceQuality "1"]

1. d4 d5 2. Nf3 Nf6 3. Bf4 e6 4. e3 Bd6 5. Bg3 O-O 6. Nbd2 c5 7. c3 Nc6 8. Bd3 b6 9. e4 dxe4 10. Nxe4 Be7 11. dxc5 bxc5 12. Nxf6+ Bxf6 13. Qc2 h6 14. O-O-O Qa5 15. Be4 Bb7 16. Rd7 Qa6 17. Rhd1 Rac8 18. Bd6 Rfe8 19. Bxc5 Ba8 20. Kb1 Qc4 21. Ba3 Nb4 22. Bh7+ Kh8 23. Bxb4 g6 24. Rxf7 Be4 25. Bxg6 Bxc2+ 26. Bxc2 Bg7 27. a3 Rb8 28. Rdd7 Rg8 29. Bd3 Qb3 30. Ne5 Qd1+ 31. Ka2 Qg1 32. Ng6+ Kh7 33. Nf8+ Kh8 34. Nxe6 Qxg2 35. Nxg7 Rxg7 36. Rxg7 Qxg7 37. Rxg7 Kxg7 38. Bd6 1-0

[Event "RUS-ch Men Blitz 2019"]
[Site "Sochi"]
[Date "2019.10.17"]
[Round "14.24"]
[White "Faizrakhmanov, Ramil"]
[Black "Skvortsov, Andrei"]
[Result "1-0"]
[WhiteElo "2434"]
[BlackElo "2139"]
[Annotator "NA"]
[PlyCount "109"]
[EventDate "2019.10.17"]
[EventType "swiss"]
[EventCountry "RUS"]
[SourceTitle "playchess.com"]
[Source "ChessBase"]
[SourceQuality "1"]

1. d4 Nf6 2. c4 g6 3. Nf3 Bg7 4. e3 c6 5. Nc3 d5 6. h3 O-O 7. Be2 Re8 8. O-O Nbd7 9. b3 a6 10. Bb2 b5 11. c5 Qc7 12. Qc2 e5 13. dxe5 Nxe5 14. Nxe5 Rxe5 15. Bd3 Re7 16. Ne2 Ne4 17. Bxg7 Kxg7 18. Bxe4 Rxe4 19. Qc3+ Kg8 20. Qf6 Bd7 21. Nd4 Rae8 22. a4 Qc8 23. Kh2 R4e5 24. axb5 Rh5 25. Qf3 axb5 26. Qg3 Qb7 27. b4 Ra8 28. Qd6 Re8 29. Ra3 Qc8 30. Qg3 Qd8 31. Rfa1 Qf6 32. Ra8 Rhe5 33. Rxe8+ Rxe8 34. Ra7 Rd8 35. Rc7 Be8 36. Qf4 Qxf4+ 37. exf4 Ra8 38. g3 Ra6 39. f5 Ra4 40. Rc8 Kf8 41. Nxc6 gxf5 42. Rb8 Ra6 43. Nd4 Ke7 44. Nxf5+ Kf6 45. Rxe8 Kxf5 46. Rb8 d4 47. Rxb5 Ke4 48. Rb7 f5 49. b5 Ra2 50. Kg2 Rc2 51. c6 Kd5 52. Rb8 d3 53. Rd8+ Ke4 54. b6 Rxc6 55. b7 1-0

[Event "RUS-ch Men Blitz 2019"]
[Site "Sochi"]
[Date "2019.10.17"]
[Round "14.25"]
[White "Papenin, Nikolai"]
[Black "Frolov, Aleksey G."]
[Result "1/2-1/2"]
[WhiteElo "2295"]
[BlackElo "2093"]
[Annotator "NA"]
[PlyCount "91"]
[EventDate "2019.10.17"]
[EventType "swiss"]
[EventCountry "RUS"]
[SourceTitle "playchess.com"]
[Source "ChessBase"]
[SourceQuality "1"]

1. d4 Nf6 2. c4 g6 3. Nc3 d5 4. cxd5 Nxd5 5. e4 Nxc3 6. bxc3 Bg7 7. Nf3 c5 8. Rb1 O-O 9. Be2 Bg4 10. Be3 Nc6 11. e5 Qd5 12. O-O Rfd8 13. h3 Bf5 14. Rb5 a6 15. Rxc5 Qxc5 16. dxc5 Rxd1 17. Rxd1 Nxe5 18. Bf4 Nd7 19. g4 Be6 20. Ng5 Nxc5 21. Be3 Na4 22. Bf3 Nxc3 23. Rd2 Bxa2 24. Bxb7 Rb8 25. Bxa6 Bd5 26. h4 Rb1+ 27. Kh2 Rh1+ 28. Kg3 h6 29. Bc4 Bxc4 30. Rd8+ Bf8 31. Nf3 Ne4+ 32. Kf4 Nf6 33. Kg3 Rb1 34. Bxh6 Nh7 35. Ng5 Rb3+ 36. Kh2 Rd3 37. Rc8 Be6 38. Rb8 Bxg4 39. Nxh7 Kxh7 40. Bxf8 Rd7 41. Re8 Be6 42. Bxe7 Rd2 43. Kg3 Bd7 44. Rd8 Rd3+ 45. f3 Bf5 46. Rxd3 1/2-1/2

[Event "RUS-ch Men Blitz 2019"]
[Site "Sochi"]
[Date "2019.10.17"]
[Round "14.26"]
[White "Chos, Alexey"]
[Black "Samusenko, Maksim"]
[Result "0-1"]
[WhiteElo "2296"]
[BlackElo "2445"]
[Annotator "NA"]
[PlyCount "96"]
[EventDate "2019.10.17"]
[EventType "swiss"]
[EventCountry "RUS"]
[SourceTitle "playchess.com"]
[Source "ChessBase"]
[SourceQuality "1"]

1. e4 d5 2. exd5 Nf6 3. Bb5+ Bd7 4. Bc4 Bg4 5. Ne2 Nxd5 6. h3 Bh5 7. d4 e6 8. Bd2 Be7 9. Nbc3 c6 10. Ne4 Nd7 11. N4g3 Bg6 12. Bb3 a5 13. a3 a4 14. Ba2 O-O 15. c4 N5f6 16. Nf4 c5 17. Nxg6 hxg6 18. dxc5 Bxc5 19. O-O Qc7 20. Qf3 Bd4 21. Rab1 Be5 22. Bb4 Rfd8 23. b3 axb3 24. Rxb3 Nc5 25. Re3 Bd4 26. Re2 e5 27. Bxc5 Bxc5 28. Rb1 Rxa3 29. Qxb7 Qxb7 30. Rxb7 Rxg3 31. Rb5 Bd4 32. c5 Rc3 33. Rb7 Rxc5 34. Rxf7 Kh7 35. g4 Rdc8 36. Be6 Re8 37. Bb3 Rc3 38. Ba4 Ra8 39. Bc2 Rxh3 40. Kg2 Rh4 41. f3 Nd5 42. Be4 Nf4+ 43. Kg3 Rh1 44. Rh2+ Rxh2 45. Kxh2 Ra2+ 46. Kg3 Rg2+ 47. Kh4 Bf2+ 48. Kg5 Ne6# 0-1

[Event "RUS-ch Men Blitz 2019"]
[Site "Sochi"]
[Date "2019.10.17"]
[Round "14.27"]
[White "Jary, Sergey"]
[Black "Gutenev, Alexander"]
[Result "0-1"]
[WhiteElo "2275"]
[BlackElo "2469"]
[Annotator "TA"]
[PlyCount "58"]
[EventDate "2019.10.17"]
[EventType "swiss"]
[EventCountry "RUS"]
[SourceTitle "playchess.com"]
[Source "ChessBase"]
[SourceQuality "1"]

1. d4 Nf6 2. Nf3 g6 3. Bf4 Bg7 4. h3 b6 5. e3 Bb7 6. Nbd2 O-O 7. Bd3 d6 8. O-O Nbd7 9. Bh2 Re8 10. e4 e5 11. d5 Nc5 12. Qe2 Nh5 13. Bb5 Rf8 14. b4 Nd7 15. c4 Nf4 16. Qe3 a6 17. Bc6 Qc8 18. a4 Bh6 19. Qb3 a5 20. b5 Nc5 21. Qc2 Bxc6 22. bxc6 f5 23. exf5 Rxf5 24. Ra3 Qf8 25. Re1 Re8 26. Bxf4 Rxf4 27. Re2 e4 28. Nd4 Bg7 29. g3 Rxf2 0-1

[Event "RUS-ch Men Blitz 2019"]
[Site "Sochi"]
[Date "2019.10.17"]
[Round "14.28"]
[White "Ivlev, Aleksey"]
[Black "Sadovsky, Artem"]
[Result "0-1"]
[WhiteElo "2292"]
[BlackElo "2411"]
[Annotator "NA"]
[PlyCount "100"]
[EventDate "2019.10.17"]
[EventType "swiss"]
[EventCountry "RUS"]
[SourceTitle "playchess.com"]
[Source "ChessBase"]
[SourceQuality "1"]

1. e4 g6 2. d4 Bg7 3. Nc3 d6 4. Bg5 h6 5. Bh4 c6 6. Qd2 b5 7. a3 Qb6 8. Rd1 a5 9. f3 b4 10. Na4 Qb7 11. axb4 axb4 12. b3 Nf6 13. Bc4 Nbd7 14. Ne2 Nb6 15. Nxb6 Qxb6 16. O-O Ba6 17. Ra1 O-O 18. Bf2 Bxc4 19. bxc4 Ra3 20. Rab1 Rb8 21. e5 Ne8 22. e6 fxe6 23. Nf4 b3 24. Nxe6 Ra2 25. Nxg7 Nxg7 26. d5 c5 27. Qxh6 Rxc2 28. Qxg6 Rxc4 29. h4 Qb5 30. Rfe1 Qe8 31. Qg5 Rb7 32. g4 Qf7 33. Kg2 b2 34. h5 Kh7 35. Rxb2 Rxb2 36. Rxe7 Rxg4+ 37. Qxg4 Qxe7 38. Qg6+ Kh8 39. h6 Ne8 40. Qf5 Qf6 41. Qe4 Qg5+ 42. Kf1 Qe5 43. Qg6 Ra2 44. Kg2 Re2 45. h7 Qg7 46. Qxg7+ Nxg7 47. Kf1 Rd2 48. Bg3 Rxd5 49. Ke2 Nf5 50. Bf4 Kxh7 0-1

[Event "RUS-ch Men Blitz 2019"]
[Site "Sochi"]
[Date "2019.10.17"]
[Round "14.29"]
[White "Shcherbin, Matvei"]
[Black "Derjabin, Ilja"]
[Result "1-0"]
[WhiteElo "2366"]
[BlackElo "2333"]
[Annotator "NA"]
[PlyCount "79"]
[EventDate "2019.10.17"]
[EventType "swiss"]
[EventCountry "RUS"]
[SourceTitle "playchess.com"]
[Source "ChessBase"]
[SourceQuality "1"]

1. e4 e6 2. d4 d5 3. e5 c5 4. c3 Qa5 5. Nf3 cxd4 6. Nxd4 Nc6 7. Nxc6 bxc6 8. Bd3 Ne7 9. O-O c5 10. f4 Ba6 11. Be3 Bxd3 12. Qxd3 Nf5 13. Bf2 h5 14. c4 Qa6 15. Nd2 Be7 16. Qf3 Rd8 17. cxd5 exd5 18. Rac1 c4 19. b3 Bb4 20. Rfd1 c3 21. Nb1 d4 22. Qe4 g6 23. a3 Be7 24. b4 O-O 25. Kh1 Rd7 26. Nxc3 Rfd8 27. Nb1 d3 28. Qc6 Qxc6 29. Rxc6 g5 30. g3 a5 31. bxa5 Rb8 32. Bb6 gxf4 33. gxf4 Kh7 34. Kg2 Rxb6 35. axb6 Ne3+ 36. Kf3 Nxd1 37. Rc7 Rd4 38. Rxe7 Nc3 39. Nxc3 d2 40. Nd1 1-0

[Event "RUS-ch Men Blitz 2019"]
[Site "Sochi"]
[Date "2019.10.17"]
[Round "14.30"]
[White "Bespalov, Konstantin"]
[Black "Yeritsyan, Aram"]
[Result "0-1"]
[WhiteElo "2258"]
[BlackElo "2271"]
[Annotator "TA"]
[PlyCount "134"]
[EventDate "2019.10.17"]
[EventType "swiss"]
[EventCountry "RUS"]
[SourceTitle "playchess.com"]
[Source "ChessBase"]
[SourceQuality "1"]

1. e4 e5 2. Nc3 Nf6 3. g3 d5 4. exd5 Nxd5 5. Bg2 Nxc3 6. bxc3 Bc5 7. Ne2 Nc6 8. d3 O-O 9. Be3 Bb6 10. O-O Be6 11. Bxb6 axb6 12. f4 Bd5 13. c4 Bxg2 14. Kxg2 Re8 15. Qd2 e4 16. d4 Ra4 17. Qc3 Na5 18. c5 Rc4 19. Qe3 Rxc2 20. Rfc1 Nc4 21. Qf2 Rxc1 22. Rxc1 b5 23. Rd1 c6 24. f5 e3 25. Qf4 Qd5+ 26. Kh3 Qe4 27. Qxe4 Rxe4 28. d5 cxd5 29. Rxd5 h6 30. Rd7 Na5 31. Rd8+ Kh7 32. Rd7 f6 33. Rd8 g5 34. fxg6+ Kxg6 35. Rd7 Kf5 36. Kg2 Ke6 37. Rd6+ Ke7 38. Kf3 Re6 39. Rd1 Nc4 40. Nf4 Ra6 41. Ke4 Rxa2 42. Kf5 Rd2 43. Re1 b4 44. Rb1 Rb2 45. Rc1 e2 46. Nxe2 Rxe2 47. Rxc4 b3 48. Rb4 Rxh2 49. Rxb7+ Kd8 50. Rxb3 Rf2+ 51. Ke6 Kc7 52. Rb4 Rf3 53. Rf4 Rxf4 54. gxf4 h5 55. Kf5 Kc6 56. Ke4 Kxc5 57. Kf5 Kd4 58. Kxf6 h4 59. f5 h3 60. Kg7 h2 61. f6 h1=Q 62. f7 Qg2+ 63. Kh8 Qh3+ 64. Kg8 Qg4+ 65. Kh8 Qh5+ 66. Kg8 Qg6+ 67. Kh8 Qxf7 0-1